[Event "ChessOrg-Schachfestival 2022-Senioren"]
[Site "Bad Woerishofen"]
[Date "2022.03.17"]
[Round "7.30"]
[White "Schmieder, Siegfried"]
[Black "Birkestrand, Odd"]
[Result "1-0"]
[WhiteElo "1904"]
[BlackElo "1702"]
[PlyCount "89"]
[EventDate "2022.??.??"]
[BlackTeam "Masfjorden Sjakklubb"]

1. e4 e5 2. f4 d5 3. exd5 e4 4. Nc3 Nf6 5. d3 Bb4 6. Bd2 e3 7. Bxe3 Qe7 8. Qe2
Bg4 9. Nf3 Nxd5 10. Bd2 Bxf3 11. Qxe7+ Bxe7 12. gxf3 Bh4+ 13. Kd1 Nxc3+ 14.
Bxc3 O-O 15. Rg1 g6 16. Rg4 Be7 17. f5 h5 18. Rg2 Kh7 19. d4 g5 20. Bd3 f6 21.
Kd2 Bd6 22. Re1 Nd7 23. Rge2 Nb6 24. Be4 c6 25. h3 Na4 26. Kd3 Nxc3 27. bxc3
Rfe8 28. Rb1 Rab8 29. c4 Red8 30. c3 Kg7 31. Reb2 Rd7 32. Bxc6 bxc6 33. Rxb8
Bxb8 34. Rxb8 Rc7 35. c5 h4 36. Kc4 Re7 37. d5 cxd5+ 38. Kxd5 Re5+ 39. Kd4 Rxf5
40. c6 Rxf3 41. c7 Rxc3 42. c8=Q Rxc8 43. Rxc8 f5 44. Ke5 Kg6 45. Rc6+ 1-0

[Event "ChessOrg-Schachfestival 2022-Senioren"]
[Site "Bad Woerishofen"]
[Date "2022.03.17"]
[Round "7.31"]
[White "Koenigl, Anton"]
[Black "Richter, Stefan"]
[Result "1-0"]
[WhiteElo "1844"]
[BlackElo "1612"]
[PlyCount "73"]
[EventDate "2022.??.??"]
[WhiteTeam "FC Ergolding 1932 e.V."]
[BlackTeam "Elstertal-langenberg"]

{[%evp 0,68,20,43,47,58,56,24,34,34,59,18,73,19,51,10,64,84,83,59,59,59,183,
125,136,144,231,214,219,220,233,193,190,190,286,295,278,306,298,280,282,263,
274,250,274,244,349,316,334,385,511,322,357,212,212,172,177,164,203,198,217,
168,191,176,216,207,282,303,327,313,352]} 1. e4 c5 2. Nf3 Nc6 3. c3 e5 4. Bc4
d6 5. h3 h6 6. a3 Bd7 7. O-O Be7 8. Qb3 Na5 9. Bxf7+ Kf8 10. Qa2 Bf6 11. Re1
Qe7 12. Bd5 Re8 13. d3 Be6 14. Nbd2 Qd7 15. Bxe6 Rxe6 16. b4 cxb4 17. axb4 Nc6
18. b5 Nd8 19. Qb3 b6 20. Bb2 Ne7 21. d4 Bg5 22. Nf1 Rf6 23. N1h2 Ng6 24. dxe5
dxe5 25. Qa3+ Rd6 26. Rad1 Be7 27. Rxd6 Bxd6 28. Qa4 Kg8 29. c4 Kh7 30. Rd1 Qc7
31. Ng4 Nf7 32. Ne3 Qb8 33. Ra1 Ng5 34. Nxg5+ hxg5 35. Qxa7 Nf4 36. Nf5 Bc5 37.
Qxg7# 1-0

[Event "ChessOrg-Schachfestival 2022-Senioren"]
[Site "Bad Woerishofen"]
[Date "2022.03.17"]
[Round "7.32"]
[White "Flockerzi, Armin"]
[Black "Margraf, Dieter"]
[Result "1/2-1/2"]
[WhiteElo "1761"]
[BlackElo "1474"]
[PlyCount "101"]
[EventDate "2022.??.??"]
[WhiteTeam "VfR-SC Koblenz"]
[BlackTeam "SC Sulzbach-Rosenberg"]

{[%evp 0,77,20,14,20,18,18,-17,29,22,22,26,4,4,-5,-13,113,60,119,203,203,121,
121,124,124,64,70,63,63,55,33,39,26,39,32,43,57,7,-5,5,26,36,78,82,79,73,68,40,
71,60,66,55,101,107,110,78,88,84,83,86,84,84,105,97,97,97,97,97,97,82,97,97,95,
97,97,97,91,91,97,91]} 1. Nf3 d5 2. d4 Bf5 3. c3 c6 4. Bf4 e6 5. Nbd2 Bd6 6.
Bxd6 Qxd6 7. Qb3 b5 8. a4 a6 9. axb5 cxb5 10. e3 Nd7 11. Bxb5 Ngf6 12. Ne5 O-O
13. Nxd7 Nxd7 14. Be2 Rfb8 15. Qa3 Qxa3 16. bxa3 Rb2 17. c4 Nb6 18. a4 dxc4 19.
Nxc4 Nxc4 20. Bxc4 a5 21. O-O Rc8 22. Bb5 Rcc2 23. Rac1 Kf8 24. Rxc2 Bxc2 25.
Ra1 Rb1+ 26. Rxb1 Bxb1 27. f4 Ke7 28. Kf2 Be4 29. g3 f5 30. h3 h5 31. Ke2 Kd8
32. Kd2 Ke7 33. Kc3 Bd5 34. Bc4 Kd6 35. Bb5 Ke7 36. Kd2 Kd8 37. Ke2 Ke7 38. Kf2
Kd8 39. Kg1 Ke7 40. Kh2 Bf3 41. g4 hxg4 42. Kg3 Kd6 43. hxg4 fxg4 44. Bc4 Bd5
45. Bd3 Bf3 46. Kf2 Kd5 47. Ba6 Kd6 48. Bd3 Kd5 49. f5 e5 50. dxe5 Kxe5 51. Kg3
1/2-1/2

[Event "ChessOrg-Schachfestival 2022-Senioren"]
[Site "Bad Woerishofen"]
[Date "2022.03.17"]
[Round "7.33"]
[White "Bertram, Thomas"]
[Black "Lie, Terje"]
[Result "1-0"]
[WhiteElo "1709"]
[BlackElo "1441"]
[PlyCount "113"]
[EventDate "2022.??.??"]
[WhiteTeam "SF Bad Lausick"]
[BlackTeam "Bergens SK"]

{[%evp 0,95,20,9,83,62,27,11,69,43,45,43,38,35,33,20,28,0,60,73,73,14,16,16,16,
-17,-22,-76,-52,-77,-49,-80,-19,-12,18,33,62,24,27,35,35,1,17,-22,3,-27,73,63,
62,68,100,59,71,99,104,175,175,182,189,178,201,191,209,210,224,224,307,233,244,
199,227,231,227,226,284,240,284,284,364,364,371,371,513,556,650,616,616,631,
634,633,645,528,531,539,636,590,604,614]} 1. e4 d6 2. Bc4 Nf6 3. Nc3 g6 4. d3
Bg7 5. Nf3 Nc6 6. h3 O-O 7. a3 e5 8. Bg5 Qd7 9. Qd2 a6 10. Nd5 Nxd5 11. Bxd5
Qe8 12. Ba2 Be6 13. c4 f6 14. Be3 b6 15. b4 a5 16. b5 Ne7 17. c5 Bxa2 18. Qxa2+
Qf7 19. cxb6 cxb6 20. Qxf7+ Kxf7 21. Nd2 Rab8 22. Nc4 Nc8 23. Ke2 Ke6 24. Rac1
Rd8 25. Nb2 Ne7 26. Na4 d5 27. Bxb6 Rdc8 28. Rxc8 Nxc8 29. exd5+ Kxd5 30. Nc3+
Ke6 31. Bxa5 Bf8 32. a4 Nb6 33. Ra1 Bc5 34. Ra2 Ra8 35. Bxb6 Bxb6 36. Ne4 h6
37. Nd2 Ba5 38. Nc4 Bb4 39. a5 Bc5 40. b6 Rb8 41. a6 Ra8 42. b7 Rb8 43. a7 Bxa7
44. Rxa7 Kd7 45. Na5 Kc7 46. Ra8 f5 47. Rxb8 Kxb8 48. Nc6+ Kxb7 49. Nxe5 g5 50.
Nf7 Kc6 51. Nxh6 f4 52. Nf7 g4 53. hxg4 Kd7 54. Ne5+ Ke6 55. d4 Kf6 56. Kf3 Kg5
57. d5 1-0

[Event "ChessOrg-Schachfestival 2022-Senioren"]
[Site "Bad Woerishofen"]
[Date "2022.03.17"]
[Round "7.34"]
[White "Vaclahovsky, Gerhard"]
[Black "Schlemminger, Degenhard"]
[Result "1-0"]
[WhiteElo "1592"]
[BlackElo "1623"]
[PlyCount "51"]
[EventDate "2022.??.??"]
[WhiteTeam "SK Keres-Augsburg 1980"]
[BlackTeam "SV Reutlingen"]

{[%evp 0,51,20,19,54,46,36,24,73,79,105,66,119,112,112,99,100,63,76,27,44,25,
42,37,41,41,29,24,61,65,105,54,114,80,218,213,256,247,483,486,581,490,582,448,
504,528,570,460,574,584,670,606,610,615]} 1. e4 e6 2. d4 d5 3. exd5 Qxd5 4. Nf3
Be7 5. Be2 b6 6. O-O Bb7 7. c4 Qd8 8. Nc3 Nf6 9. Be3 O-O 10. Qc2 Nbd7 11. Rad1
a5 12. Bf4 Nh5 13. Bc1 g6 14. Ne5 Qe8 15. Bxh5 gxh5 16. Bh6 Kh8 17. Bxf8 Nxe5
18. Bxe7 Qxe7 19. dxe5 Rg8 20. f3 h4 21. h3 Qc5+ 22. Kh1 Qxe5 23. Ne4 Bxe4 24.
fxe4 Qg3 25. Qc3+ Qxc3 26. bxc3 1-0

[Event "ChessOrg-Schachfestival 2022-Senioren"]
[Site "Bad Woerishofen"]
[Date "2022.03.17"]
[Round "7.35"]
[White "Cerpnjak, Mirko"]
[Black "Kuenne, Lutz Dieter"]
[Result "1-0"]
[WhiteElo "1738"]
[BlackElo "1570"]
[PlyCount "53"]
[EventDate "2022.??.??"]
[WhiteTeam "1. SC Groebenzell"]
[BlackTeam "KingsClub Jena"]

1. d4 d5 2. c4 c6 3. Nc3 Nf6 4. Nf3 Bf5 5. e3 e6 6. Bd3 Bg6 7. Ne5 Nbd7 8. Nxg6
hxg6 9. e4 dxe4 10. Nxe4 Nxe4 11. Bxe4 Nf6 12. Bf3 Bb4+ 13. Kf1 Qc7 14. g3
O-O-O 15. Be3 Be7 16. Qa4 a6 17. Rc1 Nh5 18. d5 exd5 19. cxd5 Qd6 20. dxc6
Nxg3+ 21. hxg3 Rxh1+ 22. Bxh1 Qd3+ 23. Kg1 Kb8 24. Be4 Qb5 25. Qxb5 axb5 26.
cxb7 Bb4 27. Bf4+ 1-0

[Event "ChessOrg-Schachfestival 2022-Senioren"]
[Site "Bad Woerishofen"]
[Date "2022.03.17"]
[Round "7.36"]
[White "Manthe, Joern"]
[Black "Titz, Waldemar"]
[Result "0-1"]
[WhiteElo "1320"]
[BlackElo "1742"]
[PlyCount "74"]
[EventDate "2022.??.??"]
[BlackTeam "SV Rottweil"]

{[%evp 0,69,20,20,28,20,18,7,6,10,25,26,97,8,6,-58,-39,-78,-74,-76,-30,-60,-5,
-21,23,-80,-19,-155,-46,-59,-59,-88,-4,-61,-37,-9,-9,-25,31,11,26,20,97,87,117,
83,61,23,63,2,81,12,52,12,7,-162,-84,-67,18,-431,-433,-411,-406,-428,-414,-435,
-442,-512,-501,-472,-504,-567]} 1. d4 Nf6 2. Nc3 d5 3. Nf3 e6 4. a3 Be7 5. Bf4
Nbd7 6. Qd3 b6 7. b4 Bb7 8. g3 O-O 9. Bg2 Rc8 10. Ne5 a6 11. O-O Nh5 12. Nxd7
Qxd7 13. Qf3 Nf6 14. Bg5 h6 15. Bf4 Ne8 16. h4 Bd6 17. e4 Bxf4 18. Qxf4 Qc6 19.
Qe3 Qd7 20. e5 f6 21. f4 Ba8 22. Bh3 f5 23. Rf2 Qe7 24. Rg2 h5 25. Kf2 g6 26.
Rag1 c5 27. Rh2 cxd4 28. Qxd4 Qc7 29. Bf1 Qxc3 30. Qxc3 Rxc3 31. Bd3 Rxa3 32.
Rb1 Nc7 33. Kf3 Nb5 34. Kf2 Rc8 35. Ke1 Nd4 36. Kd1 Nb5 37. Rg2 Nc3+ 0-1

[Event "ChessOrg-Schachfestival 2022-Senioren"]
[Site "Bad Woerishofen"]
[Date "2022.03.17"]
[Round "7.37"]
[White "Schnell, Franz"]
[Black "Bertram, Marina"]
[Result "1-0"]
[WhiteElo "1737"]
[BlackElo "1304"]
[PlyCount "37"]
[EventDate "2022.??.??"]
[WhiteTeam "SC Nusplingen"]
[BlackTeam "SF Bad Lausick"]

1. d4 d5 2. Bf4 e6 3. e3 Nf6 4. Nf3 Nc6 5. Nbd2 Bb4 6. c3 Bd6 7. Ne5 O-O 8. Bg3
Ne4 9. Qc2 Nxe5 10. dxe5 Nxg3 11. hxg3 g6 12. exd6 Qxd6 13. Be2 e5 14. O-O-O
Bf5 15. e4 dxe4 16. Nxe4 Qc6 17. Bf3 Qa6 18. b3 b6 19. Nf6+ 1-0

[Event "ChessOrg-Schachfestival 2022-Senioren"]
[Site "Bad Woerishofen"]
[Date "2022.03.17"]
[Round "7.38"]
[White "Farel, Edgard"]
[Black "Mitschka, Manfred"]
[Result "0-1"]
[WhiteElo "1603"]
[BlackElo "1614"]
[PlyCount "136"]
[EventDate "2022.??.??"]
[WhiteTeam "SG Enger-Spenge"]
[BlackTeam "SK Neuburg"]

{[%evp 0,98,20,27,48,78,78,41,83,99,127,115,112,80,92,28,43,28,105,0,168,0,329,
341,341,341,341,296,405,252,250,233,256,205,236,227,225,213,230,221,240,230,
653,199,606,207,612,170,598,179,588,210,493,198,266,158,645,234,597,293,321,
244,319,410,384,290,353,262,286,255,277,234,356,251,256,264,268,287,312,320,
320,319,353,214,212,227,244,170,252,257,266,266,316,225,284,265,325,331,332,
266,289]} 1. e4 c6 2. d4 d5 3. Nc3 Nf6 4. e5 Nfd7 5. Nf3 c5 6. Be3 Nc6 7. Be2
cxd4 8. Bxd4 a6 9. a3 Qc7 10. O-O Ndxe5 11. Nxe5 Nxd4 12. Qxd4 e6 13. Nf3 Bd6
14. Rfe1 O-O 15. g3 Bd7 16. Qd2 Bc6 17. Nd4 Bd7 18. Bf3 Rae8 19. Re2 Kh8 20.
Rae1 Be5 21. Bg2 Qb6 22. Nb3 Rc8 23. Nd1 Rc7 24. Qa5 Qc6 25. Qd2 Rfc8 26. c3
Qb6 27. Nd4 Re8 28. Ne3 h5 29. Qd1 g6 30. Rd2 Bc6 31. Nxc6 bxc6 32. Qc2 Kg7 33.
Qd3 Rce7 34. Bf3 Bb8 35. Rde2 f5 36. Qd4+ Qxd4 37. cxd4 Ba7 38. Nc2 c5 39. dxc5
Bxc5 40. b4 Bb6 41. Rd2 Kf6 42. Nd4 Rc8 43. Kg2 a5 44. b5 Bxd4 45. Rxd4 Rc3 46.
Re3 Rc1 47. Ra4 Ra7 48. Rb3 Rc5 49. Kf1 e5 50. Be2 e4 51. b6 Rb7 52. Ba6 Rb8
53. b7 Ke5 54. Ke2 d4 55. Kd2 g5 56. h3 f4 57. gxf4+ gxf4 58. Rc4 e3+ 59. fxe3
dxe3+ 60. Ke2 Rxc4 61. Bxc4 Ke4 62. Bd3+ Kd4 63. Kf3 a4 64. Rb4+ Kxd3 65. Rb2
Kc3 66. Rb4 Kd2 67. Rd4+ Ke1 68. Kxf4 e2 0-1

[Event "ChessOrg-Schachfestival 2022-Senioren"]
[Site "Bad Woerishofen"]
[Date "2022.03.17"]
[Round "7.39"]
[White "Stratmann, Alois"]
[Black "Koppenhoefer, Heinz"]
[Result "0-1"]
[WhiteElo "1547"]
[BlackElo "1565"]
[PlyCount "109"]
[EventDate "2022.??.??"]
[WhiteTeam "SV Ahlen 54 e.V."]
[BlackTeam "TSV Solln Schachabteilung"]

{[%evp 0,72,20,13,13,-11,0,-4,4,-17,5,-18,-8,-11,-4,-8,-6,-3,-3,-5,-5,-5,6,2,
19,17,25,10,13,-1,-1,-9,4,12,12,-59,25,-7,-3,-18,-37,-70,-80,-68,-78,-63,-24,
-79,-59,-78,-69,-66,-73,-65,-47,-54,-38,-51,-43,-72,-67,-71,-85,-106,-42,-63,
-72,-60,-60,-147,-127,-171,-214,-227,-157]} 1. Nf3 d5 2. b3 Nf6 3. Bb2 e6 4. e3
Be7 5. Bb5+ Bd7 6. Be2 c5 7. O-O Nc6 8. d4 cxd4 9. Nxd4 Rc8 10. Nd2 a6 11. c4
dxc4 12. Nxc4 b5 13. Nd2 O-O 14. N4f3 Nb4 15. a3 Nbd5 16. Rc1 Qb6 17. Bd4 Qb7
18. Rxc8 Rxc8 19. b4 Nc3 20. Bxc3 Rxc3 21. Nb1 Rc7 22. Ne5 Qc8 23. Bd3 g6 24.
Be2 Nd5 25. Nxd7 Rxd7 26. Qb3 Rc7 27. g3 Kg7 28. Bf3 Nc3 29. Nxc3 Rxc3 30. Qa2
Bf6 31. Be4 Qc7 32. Rd1 Qc4 33. Qxc4 bxc4 34. Bb7 Rxa3 35. Rb1 c3 36. Rc1 g5
37. Rc2 Be7 38. Bxa6 Rxa6 39. Rxc3 Bxb4 40. Rb3 Ra4 41. Kg2 Be7 42. h3 h5 43.
Kf3 Kf6 44. g4 h4 45. Rc3 Bd6 46. Rb3 Rc4 47. Rb7 Bc7 48. Rb5 e5 49. Rd5 Ke6
50. Rd2 f5 51. Ra2 e4+ 52. Kg2 Rc5 53. Ra6+ Kd5 54. Rg6 Kc4 55. Rxg5 0-1

[Event "ChessOrg-Schachfestival 2022-Senioren"]
[Site "Bad Woerishofen"]
[Date "2022.03.17"]
[Round "7.40"]
[White "Braeu, Emmi"]
[Black "Wraga, Teresa"]
[Result "0-1"]
[WhiteElo "1476"]
[BlackElo "1553"]
[PlyCount "32"]
[EventDate "2022.??.??"]
[WhiteTeam "SK Marktoberdorf"]
[BlackTeam "SG Osnabrueck"]

{[%evp 0,32,20,13,76,29,20,17,75,80,70,33,37,-3,-7,10,13,-3,2,2,2,-17,-11,-34,
-16,-12,10,1,1,-44,20,-19,15,14,27]} 1. Nf3 d6 2. c4 e5 3. Nc3 g6 4. d4 exd4 5.
Nxd4 Bg7 6. e3 Nf6 7. Be2 O-O 8. O-O Nc6 9. Nxc6 bxc6 10. Bf3 Bd7 11. Qc2 Rb8
12. b3 a6 13. Rb1 Re8 14. e4 Qc8 15. Re1 d5 16. cxd5 Nxd5 {und rund 40 weitere
Züge, die nicht logisch notiert wurden. Schwarz gewinnt.} 0-1

[Event "ChessOrg-Schachfestival 2022-Senioren"]
[Site "Bad Woerishofen"]
[Date "2022.03.17"]
[Round "7.42"]
[White "Walther, Renate"]
[Black "Wraga, Hermann"]
[Result "0-1"]
[WhiteElo "1180"]
[BlackElo "1641"]
[PlyCount "68"]
[EventDate "2022.??.??"]
[WhiteTeam "SK 1911 Herzogenaurach"]
[BlackTeam "SG Osnabrueck"]

1. e4 d6 2. d4 Nf6 3. Nc3 g6 4. Nf3 c6 5. Be3 Bg7 6. Bd3 O-O 7. Qe2 Qc7 8.
O-O-O b5 9. Bf4 Qa5 10. Qd2 b4 11. Nb1 Ba6 12. Rde1 Bxd3 13. cxd3 Nbd7 14. h3
c5 15. d5 Qxa2 16. b3 Qxb3 17. Qc2 Qxc2+ 18. Kxc2 a5 19. Nfd2 a4 20. Nc4 Ra6
21. e5 dxe5 22. Bxe5 Nxd5 23. f4 Bxe5 24. fxe5 Nc7 25. Rhf1 Ne6 26. Kd2 a3 27.
Ke3 Nd4 28. Rc1 a2 29. Nc3 bxc3 30. Rb1 a1=Q 31. Rxa1 Nc2+ 32. Ke4 Rxa1 33.
Rxa1 Nxa1 34. Kd5 c2 0-1

[Event "ChessOrg-Schachfestival 2022-Senioren"]
[Site "Bad Woerishofen"]
[Date "2022.03.18"]
[Round "8.1"]
[White "Kierzek, Matthias"]
[Black "Pfitzer, Norbert"]
[Result "1-0"]
[WhiteElo "2209"]
[BlackElo "2026"]
[PlyCount "112"]
[EventDate "2022.??.??"]
[WhiteTeam "SC Fulda"]
[BlackTeam "SV Backnang"]

1. d4 d6 2. c4 Nf6 3. Nc3 g6 4. e4 Bg7 5. h3 c5 6. d5 O-O 7. Bd3 e6 8. Nf3 exd5
9. exd5 Re8+ 10. Be3 Bh6 11. O-O Bxe3 12. fxe3 Qe7 13. e4 Nbd7 14. Qd2 a6 15.
Rf2 Ne5 16. Nxe5 Qxe5 17. Raf1 Re7 18. a4 a5 19. Kh1 Nd7 20. Ne2 Qg7 21. b3 Ne5
22. Rf6 Ra6 23. Ng3 Bd7 24. Be2 Be8 25. Bg4 Bd7 26. Bxd7 Nxd7 27. e5 Nxe5 28.
Ne4 Nd7 29. Rxd6 Rxd6 30. Nxd6 b6 31. Qf4 f5 32. Nb5 Qe5 33. Qxe5 Rxe5 34. Rf3
Kg7 35. Kg1 g5 36. Kf2 Nf6 37. Nd6 Kg6 38. Re3 Rxe3 39. Kxe3 h5 40. g3 Nd7 41.
h4 Kf6 42. Ne8+ Kf7 43. Nc7 Kf6 44. Ne6 gxh4 45. gxh4 Ke5 46. Nf4 Nf6 47. Nd3+
Kd6 48. Kf4 Nxd5+ 49. cxd5 Kxd5 50. Kxf5 c4 51. bxc4+ Kxc4 52. Ne5+ Kb4 53. Nd7
b5 54. axb5 Kxb5 55. Ke4 a4 56. Kd3 Kc6 1-0

[Event "ChessOrg-Schachfestival 2022-Senioren"]
[Site "Bad Woerishofen"]
[Date "2022.03.18"]
[Round "8.3"]
[White "Matzat, Andre"]
[Black "Koehler, Gerhard"]
[Result "1-0"]
[WhiteElo "1991"]
[BlackElo "2208"]
[PlyCount "67"]
[EventDate "2022.??.??"]
[WhiteTeam "Oberhausener SV 1887 e.V."]
[BlackTeam "USV Halle"]

1. d4 Nf6 2. Nf3 g6 3. g3 Bg7 4. Bg2 O-O 5. O-O d6 6. b3 c5 7. Bb2 Nc6 8. d5
Nb4 9. c4 Bf5 10. a3 Na6 11. Nbd2 Rb8 12. Re1 Nc7 13. e4 Bd7 14. e5 Nfe8 15.
exd6 exd6 16. Bxg7 Nxg7 17. Ne4 Bg4 18. Qd2 f5 19. Qh6 Nh5 20. Nfg5 Qd7 21.
Nxd6 Nf6 22. Nb5 Nxb5 23. cxb5 f4 24. Ne6 Bxe6 25. dxe6 Qc7 26. Qg5 fxg3 27.
hxg3 Rbe8 28. Rac1 Qb6 29. Qxc5 Rxe6 30. Qxb6 Rxb6 31. a4 a6 32. Re7 Re8 33.
Rxb7 Rxb7 34. Bxb7 1-0

[Event "ChessOrg-Schachfestival 2022-Senioren"]
[Site "Bad Woerishofen"]
[Date "2022.03.18"]
[Round "8.4"]
[White "Lange, Manfred"]
[Black "Mueller, Erich"]
[Result "1/2-1/2"]
[WhiteElo "2028"]
[BlackElo "2138"]
[PlyCount "90"]
[EventDate "2022.??.??"]
[WhiteTeam "SV Wuerzburg von 1865 e.V."]
[BlackTeam "SK 1962 Ladenburg"]

1. d4 Nf6 2. c4 e6 3. Nf3 d5 4. g3 Bb4+ 5. Bd2 Be7 6. Bg2 Nbd7 7. Qc2 O-O 8.
O-O c5 9. cxd5 exd5 10. Nc3 Re8 11. Bf4 Nf8 12. Rad1 c4 13. Ne5 Be6 14. e4 Rc8
15. Bg5 Nxe4 16. Bxe7 Rxe7 17. Nxe4 dxe4 18. Bxe4 Bd5 19. Rfe1 Bxe4 20. Rxe4
Qd5 21. Rde1 Rce8 22. R4e3 b5 23. Nxc4 Rxe3 24. Nxe3 Qxd4 25. Rd1 Qb6 26. Qf5
g6 27. Qg5 Ne6 28. Qf6 Qc5 29. Ng4 Qh5 30. Qf3 Kf8 31. h4 Qf5 32. Qxf5 gxf5 33.
Nf6 Rc8 34. Nxh7+ Kg7 35. Ng5 Nxg5 36. hxg5 Kg6 37. f4 Rc2 38. Rd6+ Kh5 39. Rf6
Kg4 40. Rxf7 Kxg3 41. Kf1 Rf2+ 42. Ke1 Rxf4 43. g6 a6 44. Rf6 Rg4 45. Rxf5 Rxg6
1/2-1/2

[Event "ChessOrg-Schachfestival 2022-Senioren"]
[Site "Bad Woerishofen"]
[Date "2022.03.18"]
[Round "8.5"]
[White "Waltenberger, Udo"]
[Black "Daeubler, Heinrich"]
[Result "1/2-1/2"]
[WhiteElo "1977"]
[BlackElo "2136"]
[PlyCount "81"]
[EventDate "2022.??.??"]
[WhiteTeam "SV Eiche Reichenbrand"]
[BlackTeam "SC Haselmuehl / Amberg"]

1. Nf3 Nf6 2. g3 g6 3. Bg2 Bg7 4. O-O O-O 5. d4 d6 6. c4 Nc6 7. Nc3 a6 8. b3
Rb8 9. Nd5 Bg4 10. Nxf6+ Bxf6 11. Bb2 Qd7 12. Qd2 Qf5 13. d5 Bxf3 14. Bxf3 Bxb2
15. Qxb2 Ne5 16. Bg2 a5 17. f4 Nd7 18. e4 Qf6 19. Qd2 b6 20. Rae1 e5 21. dxe6
Qxe6 22. Re3 Rbd8 23. Rfe1 Rfe8 24. Qd5 Qxd5 25. cxd5 f6 26. Bf1 Re7 27. Bb5
Kf8 28. Kf2 g5 29. Bxd7 Rdxd7 30. fxg5 fxg5 31. Rf3+ Rf7 32. Rf5 h5 33. g4 hxg4
34. Kg3 Rde7 35. Kxg4 Rxf5 36. Kxf5 Re5+ 37. Kg4 Ke7 38. Kf3 c5 39. dxc6 Rc5
40. Re2 Rxc6 41. e5 1/2-1/2

[Event "ChessOrg-Schachfestival 2022-Senioren"]
[Site "Bad Woerishofen"]
[Date "2022.03.18"]
[Round "8.6"]
[White "Fiedler, Wolfgang"]
[Black "Zwetz, Anita"]
[Result "1-0"]
[WhiteElo "2017"]
[BlackElo "1859"]
[PlyCount "81"]
[EventDate "2022.??.??"]
[WhiteTeam "SK Zirndorf e.V."]
[BlackTeam "TSV Kareth-Lappersdorf"]

1. f4 d5 2. Nf3 e6 3. d4 Be7 4. e3 c6 5. Bd3 Nh6 6. O-O Nd7 7. Nbd2 Nf5 8. Re1
Nf6 9. Ne5 g6 10. c3 O-O 11. g4 Nd6 12. Qf3 Qc7 13. g5 Nh5 14. Qg2 Ng7 15. Nf1
Ndf5 16. Ng3 Nxg3 17. hxg3 c5 18. g4 b6 19. Qh3 Bb7 20. Kg2 h5 21. gxh6 Ne8 22.
g5 Kh7 23. Rh1 Qd6 24. Bd2 Bd8 25. Rag1 Qe7 26. Kf3 Rg8 27. Rg3 Nd6 28. Rc1 Bc7
29. Ng4 Ne8 30. Bb5 f5 31. gxf6 Nxf6 32. Nxf6+ Qxf6 33. Bd3 Bc6 34. Rcg1 Be8
35. Rg5 Bf7 36. Be1 e5 37. dxe5 Qc6 38. Ke2 c4 39. Bc2 Bd8 40. R5g3 Be7 41. f5
1-0

[Event "ChessOrg-Schachfestival 2022-Senioren"]
[Site "Bad Woerishofen"]
[Date "2022.03.18"]
[Round "8.7"]
[White "Trefzer, Erhard"]
[Black "Kainz, Josef"]
[Result "1/2-1/2"]
[WhiteElo "1896"]
[BlackElo "1992"]
[PlyCount "116"]
[EventDate "2022.??.??"]
[WhiteTeam "SV Besigheim"]
[BlackTeam "Gratwein"]

1. e4 c5 2. Nf3 Nc6 3. d4 cxd4 4. Nxd4 Nf6 5. Nc3 e6 6. Nb3 Bb4 7. Bg5 h6 8.
Bd2 O-O 9. Bd3 Ne5 10. O-O d5 11. Qe2 Nxd3 12. cxd3 d4 13. Nb5 Bxd2 14. Qxd2 e5
15. f4 Bd7 16. fxe5 Nxe4 17. dxe4 Bxb5 18. Rf3 d3 19. Qb4 Qb6+ 20. Kh1 Rad8 21.
Rd1 d2 22. Rxd2 Be2 23. Qxb6 axb6 24. Rf2 Rxd2 25. Nxd2 Rc8 26. h3 Rc1+ 27. Kh2
Bd3 28. Rf3 Bb5 29. Rb3 Rc5 30. Nf3 Bc6 31. Rb4 b5 32. Kg3 Kf8 33. h4 Ke7 34.
Kf4 Rc2 35. g4 Rf2 36. Ke3 Rg2 37. Kf4 Bd7 38. g5 Rg4+ 39. Ke3 Bc6 40. Rd4 hxg5
41. hxg5 Rg2 42. Rd2 Rg4 43. Rd4 Bd7 44. a3 Rg3 45. Kf2 Rg4 46. Ke3 Bc6 47. Rb4
Rg2 48. Kf4 Bd7 49. Ke3 Kd8 50. Kf4 Kc7 51. Ke3 Kb6 52. Rd4 Bc6 53. Rd2 Rg4 54.
Rd4 Ka5 55. Rb4 Bd7 56. Rd4 Be6 57. Rd2 Rg3 58. Kf4 Rg4+ 1/2-1/2

[Event "ChessOrg-Schachfestival 2022-Senioren"]
[Site "Bad Woerishofen"]
[Date "2022.03.18"]
[Round "8.8"]
[White "Lechner, Otto"]
[Black "Kierzek, Mira"]
[Result "1/2-1/2"]
[WhiteElo "1845"]
[BlackElo "1984"]
[PlyCount "83"]
[EventDate "2022.??.??"]
[WhiteTeam "TSV Wertingen 1862 SAbt"]
[BlackTeam "SC Fulda"]

1. c4 e5 2. g3 g6 3. d4 Bg7 4. dxe5 Bxe5 5. Bg2 Ne7 6. Nf3 Bg7 7. O-O O-O 8.
Qc2 d6 9. Nc3 Nbc6 10. Rd1 Bd7 11. a3 a5 12. Rb1 Qc8 13. b3 Bf5 14. e4 Bg4 15.
Re1 Bxf3 16. Bxf3 Nd4 17. Qd1 Nxf3+ 18. Qxf3 Qe6 19. Bb2 Rfe8 20. Qd1 Rac8 21.
Kg2 b6 22. f3 Be5 23. Nb5 a4 24. Nd4 Qf6 25. f4 Bxd4 26. Bxd4 Qe6 27. Ba1 f6
28. Qd3 axb3 29. Qxb3 Kf7 30. f5 gxf5 31. exf5 Qxf5 32. Rf1 Qe4+ 33. Kg1 Ng8
34. Rf3 Re6 35. Rbf1 Kg6 36. Qb5 Rce8 37. Bc3 R8e7 38. h4 Kf7 39. Kh2 Qg4 40.
Qd5 Kg7 41. R1f2 Re3 42. Qg5+ 1/2-1/2

[Event "ChessOrg-Schachfestival 2022-Senioren"]
[Site "Bad Woerishofen"]
[Date "2022.03.18"]
[Round "8.9"]
[White "Schestak, Herbert"]
[Black "Schatz, Christian"]
[Result "0-1"]
[WhiteElo "1713"]
[BlackElo "2122"]
[PlyCount "40"]
[EventDate "2022.??.??"]
[BlackTeam "SC Postbauer-Heng e.V"]

1. d4 Nf6 2. Bf4 g6 3. e3 Bg7 4. Nf3 O-O 5. h3 d6 6. Be2 Nbd7 7. Nbd2 b6 8. e4
Bb7 9. e5 dxe5 10. dxe5 Nd5 11. Bh2 Nc5 12. c4 Nb4 13. O-O a5 14. Re1 Nbd3 15.
Bxd3 Qxd3 16. Re3 Qd7 17. Qc2 Rad8 18. Ree1 Bh6 19. Rad1 Qd3 20. Qxd3 Nxd3 0-1

[Event "ChessOrg-Schachfestival 2022-Senioren"]
[Site "Bad Woerishofen"]
[Date "2022.03.18"]
[Round "8.11"]
[White "Seifert, Werner"]
[Black "Loibl, Johann"]
[Result "1/2-1/2"]
[WhiteElo "1958"]
[BlackElo "1762"]
[PlyCount "63"]
[EventDate "2022.??.??"]
[WhiteTeam "SC Groebenzell"]

1. e4 e5 2. Nf3 Nc6 3. d4 exd4 4. Nxd4 Bc5 5. Be3 Qf6 6. c3 Nge7 7. g3 d5 8.
Bg2 dxe4 9. Nd2 Bxd4 10. cxd4 Qd6 11. Nxe4 Qb4+ 12. Qd2 Bf5 13. a3 Qxd2+ 14.
Nxd2 O-O-O 15. Nf3 Be4 16. Rd1 Nf5 17. O-O Bxf3 18. Bxf3 Nfxd4 19. Bg2 Rd6 20.
Rfe1 Rhd8 21. Rc1 Nb3 22. Rc3 Ncd4 23. Bf4 R6d7 24. Bh3 f5 25. Bg5 Rf8 26. Rce3
c6 27. Re8+ Rxe8 28. Rxe8+ Kc7 29. Bf4+ Kb6 30. Be3 Kc7 31. Bf4+ Kb6 32. Be3
1/2-1/2

[Event "ChessOrg-Schachfestival 2022-Senioren"]
[Site "Bad Woerishofen"]
[Date "2022.03.18"]
[Round "8.12"]
[White "Harsch, Martin"]
[Black "Goris, Ton"]
[Result "1/2-1/2"]
[WhiteElo "1908"]
[BlackElo "1952"]
[PlyCount "63"]
[EventDate "2022.??.??"]

1. e4 e6 2. d4 d5 3. Nd2 dxe4 4. Nxe4 Bd7 5. Nf3 Bc6 6. Bd3 Nd7 7. O-O Ngf6 8.
Ned2 Be7 9. Nc4 b6 10. Nce5 Nxe5 11. Nxe5 Bb7 12. Bb5+ Kf8 13. Bc6 Bxc6 14.
Nxc6 Qd5 15. Nxe7 Kxe7 16. Be3 Rhd8 17. Qe2 a6 18. c4 Qf5 19. h3 Kf8 20. b4 c6
21. Rfc1 Rac8 22. c5 b5 23. a4 Ra8 24. Ra3 e5 25. Qb2 e4 26. Rca1 Rac8 27. axb5
axb5 28. Ra7 Rd7 29. R1a6 Rxa7 30. Rxa7 Nd5 31. Qa3 Qe6 32. Kf1 1/2-1/2